Individualizace versus segmentace
Segmentácia hotelových hostí (hotela Diplomat v Prahe) a ich včlenenie do podobných skupín. Segmentácia geografická. Segmentácia z hľadiska účelu návštevy. Segmentácia podľa dopravy - individuálna doprava alebo skupinová. Segmentácia podľa ceny.
Gespeichert in:
| 1. Verfasser: | |
|---|---|
| Format: | Buchkapitel |
| Sprache: | Tschechisch |
| Schlagworte: | |
| Tags: |
Keine Tags, Fügen Sie das erste Tag hinzu!
|
MARC
| LEADER | 00000naa$a2200000$$$4500 | ||
|---|---|---|---|
| 001 | 0029351 | ||
| 005 | 20231016104513.4 | ||
| 041 | 0 | |a cze | |
| 044 | |a CZ | ||
| 245 | 1 | 0 | |a Individualizace versus segmentace |c Daniel Tylinger |
| 520 | |a Segmentácia hotelových hostí (hotela Diplomat v Prahe) a ich včlenenie do podobných skupín. Segmentácia geografická. Segmentácia z hľadiska účelu návštevy. Segmentácia podľa dopravy - individuálna doprava alebo skupinová. Segmentácia podľa ceny. | ||
| 610 | 2 | 0 | |a riadenie podnikové |
| 610 | 2 | 0 | |a riadenie strategické |
| 610 | 2 | 0 | |a marketing |
| 610 | 2 | 0 | |a služby |
| 610 | 2 | 0 | |a hotelierstvo |
| 610 | 2 | 0 | |a hotely |
| 610 | 2 | 0 | |a zákazníci |
| 610 | 2 | 0 | |a segmentácia trhu |
| 610 | 2 | 0 | |a Česko |
| 100 | 1 | |a Tylinger, Daniel | |